Statistics for Provinces of Greater Armenia - Map Quiz

Click here to take the quiz!

General Stats

  • This quiz has been taken 163 times
  • The average score is 6 of 15

Answers on the Map

Answers color-coded by a green-red scale on the quiz's map according to % correct below.
 

Answer Stats

Answer% Correct
Artsakh
69%
Syunik
69%
Ayrarat
61%
Upper Armenia
48%
Vaspurakan
45%
Gugark
38%
Utik
36%
Sophene
34%
Paytakaran
33%
Moxoene
30%
Turuberan
30%
Tayk
28%
Nor Shirakan
27%
Corduene
23%
Aghdznik
20%

Score Distribution

Percentile by Number Answered

Percent of People with Each Score

Your Score History

You have not taken this quiz